<?xml version="1.0" encoding="UTF-8"?>
<record
    xmlns:xsi="http://www.w3.org/2001/XMLSchema-instance"
    xsi:schemaLocation="http://www.loc.gov/MARC21/slim http://www.loc.gov/standards/marcxml/schema/MARC21slim.xsd"
    xmlns="http://www.loc.gov/MARC21/slim">

  <leader>00377nam a22001577a 4500</leader>
  <controlfield tag="003">OSt</controlfield>
  <controlfield tag="005">20211025155049.0</controlfield>
  <controlfield tag="008">211025b        |||||||| |||| 00| 0 eng d</controlfield>
  <datafield tag="020" ind1=" " ind2=" ">
    <subfield code="a">0314161430</subfield>
  </datafield>
  <datafield tag="040" ind1=" " ind2=" ">
    <subfield code="a">HU</subfield>
    <subfield code="c">DDC</subfield>
  </datafield>
  <datafield tag="082" ind1=" " ind2=" ">
    <subfield code="2">Sixth Edition</subfield>
    <subfield code="a">347.736</subfield>
  </datafield>
  <datafield tag="245" ind1=" " ind2=" ">
    <subfield code="a">Mc CORMICK ON EVIDENCE</subfield>
  </datafield>
  <datafield tag="260" ind1=" " ind2=" ">
    <subfield code="a">WEST</subfield>
    <subfield code="b">THOMSON</subfield>
    <subfield code="c">2006</subfield>
  </datafield>
  <datafield tag="300" ind1=" " ind2=" ">
    <subfield code="a">XXV,930P32CM</subfield>
  </datafield>
  <datafield tag="942" ind1=" " ind2=" ">
    <subfield code="2">ddc</subfield>
    <subfield code="c">BOOKS</subfield>
    <subfield code="n">0</subfield>
  </datafield>
  <datafield tag="999" ind1=" " ind2=" ">
    <subfield code="c">14765</subfield>
    <subfield code="d">14765</subfield>
  </datafield>
  <datafield tag="952" ind1=" " ind2=" ">
    <subfield code="0">0</subfield>
    <subfield code="1">0</subfield>
    <subfield code="2">ddc</subfield>
    <subfield code="4">0</subfield>
    <subfield code="7">0</subfield>
    <subfield code="a">007</subfield>
    <subfield code="b">007</subfield>
    <subfield code="c">GEN</subfield>
    <subfield code="d">2021-10-25</subfield>
    <subfield code="l">0</subfield>
    <subfield code="o">347.736/MCC</subfield>
    <subfield code="p">LGCLIB0001457</subfield>
    <subfield code="r">2021-10-25 00:00:00</subfield>
    <subfield code="t">C1</subfield>
    <subfield code="w">2021-10-25</subfield>
    <subfield code="y">BOOKS</subfield>
  </datafield>
  <datafield tag="952" ind1=" " ind2=" ">
    <subfield code="0">0</subfield>
    <subfield code="1">0</subfield>
    <subfield code="2">ddc</subfield>
    <subfield code="4">0</subfield>
    <subfield code="7">0</subfield>
    <subfield code="a">007</subfield>
    <subfield code="b">007</subfield>
    <subfield code="c">GEN</subfield>
    <subfield code="d">2021-10-25</subfield>
    <subfield code="l">0</subfield>
    <subfield code="o">347,736/MCC</subfield>
    <subfield code="p">LGCLIB0001458</subfield>
    <subfield code="r">2021-10-25 00:00:00</subfield>
    <subfield code="t">C2</subfield>
    <subfield code="w">2021-10-25</subfield>
    <subfield code="y">BOOKS</subfield>
  </datafield>
</record>
